Law of injunctions : (Record no. 136816)
[ view plain ]
| 000 -LEADER | |
|---|---|
| fixed length control field | 00807nam a22002417a 4500 |
| 010 ## - LIBRARY OF CONGRESS CONTROL NUMBER | |
| LC control number | A-709393 |
| 020 ## - INTERNATIONAL STANDARD BOOK NUMBER | |
| International Standard Book Number | 85470537 |
| Terms of availability | 960.00(set) |
| 035 ## - SYSTEM CONTROL NUMBER | |
| System control number | A-709393 |
| 037 ## - SOURCE OF ACQUISITION | |
| Source of stock number/acquisition | Cen Lib / Ret |
| 040 ## - CATALOGING SOURCE | |
| Original cataloging agency | DPL |
| Language of cataloging | EN |
| 082 ## - DEWEY DECIMAL CLASSIFICATION NUMBER | |
| Classification number | 347.077 |
| Item number | ROW |
| 100 ## - MAIN ENTRY--PERSONAL NAME | |
| Personal name | Row, C. M. |
| 245 ## - TITLE STATEMENT | |
| Title | Law of injunctions : |
| Remainder of title | temporary, mandatory & perpetual / |
| Statement of responsibility, etc | by C. M. Row ; R. G. Chaturvedi |
| 250 ## - EDITION STATEMENT | |
| Edition statement | 7th ed |
| 260 ## - PUBLICATION, DISTRIBUTION, ETC. (IMPRINT) | |
| Place of publication, distribution, etc | Allahabad |
| Name of publisher, distributor, etc | The Law Book Compnay (P) Ltd |
| Date of publication, distribution, etc | 1994 |
| 270 ## - ADDRESS | |
| Address | Sardar Patel Marg Post Box No. 1-004 |
| City | Allahabad |
| Postal code | 211001 |
| 300 ## - PHYSICAL DESCRIPTION | |
| Extent | (v 1. cliii, 840 ; v 2. cxxxii, 888p) |
| Other physical details | 27cm(Hb) |
| 505 ## - FORMATTED CONTENTS NOTE | |
| Formatted contents note | v 1. Chapter 1-13 ; v 2 [chapters 14 to End] |
| 650 ## - SUBJECT ADDED ENTRY--TOPICAL TERM | |
| Topical term or geographic name as entry element | Injunctions -- India. |
| 650 ## - SUBJECT ADDED ENTRY--TOPICAL TERM | |
| Topical term or geographic name as entry element | Injunctions. |
| 700 ## - ADDED ENTRY--PERSONAL NAME | |
| Personal name | Chaturvedi, R. G. |
| 942 ## - ADDED ENTRY ELEMENTS (KOHA) | |
| Source of classification or shelving scheme | Dewey Decimal Classification |
| Koha item type | English Books |
| Classification part | 347.077 |
| Call number suffix | ROW |
| Withdrawn status | Lost status | Source of classification or shelving scheme | Materials specified (bound volume or other part) | Damaged status | Not for loan | Home library | Current library | Date acquired | Source of acquisition | Cost, normal purchase price | Total Checkouts | Full call number | Barcode | Date last seen | Copy number | Cost, replacement price | Price effective from | Koha item type |
|---|---|---|---|---|---|---|---|---|---|---|---|---|---|---|---|---|---|---|
| Dewey Decimal Classification | v 2 | Central Library | Central Library | 10/03/2016 | Cen Lib/Ret | 960.00 | 347.077 ROW | A-709393 | 10/03/2016 | 1 | 960.00 | 10/03/2016 | English Books | |||||
| Dewey Decimal Classification | v 1 | Central Library | Central Library | 10/03/2016 | Cen Lib/Ret | 960.00 | 347.077 ROW | A-709392 | 10/03/2016 | 1 | 960.00 | 10/03/2016 | English Books |
